| 000 | 00000nam 2200000za 4500 |
| 001 | 9.804833 |
| 003 | CaOODSP |
| 005 | 20221107135515 |
| 007 | cr ||||||||||| |
| 008 | 160316s2015 xxc|||||o f|0| 0 fre d |
| 020 | |a978-0-660-03622-9 |
| 040 | |aCaOODSP|bfre |
| 043 | |an-cn--- |
| 086 | 1 |aFo4-62/2015F-PDF |
| 245 | 00|aImportation de produits forestiers récoltés illégalement |h[ressource électronique] : |bconnaître les règles pour éviter les sanctions. |
| 260 | |a[Ottawa] : |bRessources naturelles Canada, |cc2015. |
| 300 | |a[4] p. |
| 500 | |aPublié aussi en anglais sous le titre : Importing illegal forest products: know the rules, avoid the penalties. |
| 692 | 07|2gccst|aProduit forestier |
| 710 | 1 |aCanada.|bRessources naturelles Canada. |bService canadien des forêts. |
| 775 | 08|tImporting illegal forest products |w(CaOODSP)9.804832 |
| 794 | |tImportation de produits forestiers récoltés illégalement : |w(CaOODSP)9.841809 |
| 856 | 40|qPDF|s810 Ko|uhttps://publications.gc.ca/collections/collection_2016/rncan-nrcan/Fo4-62-2015-fra.pdf |